[Event "IBCA World Individual Chess Championshi"]
[Site "Rzeszow"]
[Date "2025.??.??"]
[Round "7.6"]
[White "Dukaczewski, Piotr"]
[Black "Dima, Mihai"]
[Result "1-0"]
[WhiteElo "2164"]
[BlackElo "1962"]
[PlyCount "71"]
[EventDate "2025.??.??"]

1. e4 c5 2. Nf3 Nc6 3. Nc3 g6 4. Bb5 Bg7 5. O-O Nd4 6. Bc4 e6 7. Nxd4 cxd4 8.
Ne2 Ne7 9. d3 O-O 10. f4 Nc6 11. a4 a6 12. Qe1 Rb8 13. a5 d6 14. Bd2 Qc7 15. b4
Bd7 16. Rb1 Kh8 17. Kh1 f5 18. b5 axb5 19. Bxb5 Ne7 20. Bxd7 Qxd7 21. c3 Nc6
22. c4 fxe4 23. dxe4 Rbc8 24. Rb6 Rc7 25. Qb1 e5 26. f5 gxf5 27. exf5 Qf7 28.
Ng3 Ra8 29. Ne4 Bf8 30. Qb5 h6 31. h3 Rd8 32. a6 Na7 33. Qd5 Qxd5 34. cxd5 bxa6
35. Rxa6 Nb5 36. Ba5 1-0

[Event "IBCA World Individual Chess Championship"]
[Site "Rzeszow"]
[Date "2025.??.??"]
[Round "7.7"]
[White "Wolanski, Michal"]
[Black "Pribeanu, Mihail-dacian"]
[Result "0-1"]
[WhiteElo "1990"]
[BlackElo "2140"]
[PlyCount "78"]
[EventDate "2025.??.??"]

1. c4 e5 2. g3 Nc6 3. Bg2 f5 4. Nc3 Nf6 5. d3 g6 6. e4 Bg7 7. Nge2 d6 8. O-O
O-O 9. Nd5 Ne7 10. Nxe7+ Qxe7 11. exf5 gxf5 12. f4 Kh8 13. Rb1 e4 14. Nc3 c6
15. b4 d5 16. cxd5 cxd5 17. Be3 Rd8 18. Bc5 Qe8 19. Bd4 Be6 20. Rc1 Qe7 21. Qb3
Rac8 22. Qb2 exd3 23. Rfd1 Rc4 24. Rxd3 Bg8 25. Qd2 Rdc8 26. Re1 Ne4 27. Nxe4
fxe4 28. Bxg7+ Qxg7 29. Rde3 Rc2 30. Qd1 Qb2 31. R3e2 Be6 32. f5 Rxe2 33. Rxe2
Rc1 34. Rxb2 Rxd1+ 35. Kf2 Bxf5 36. Ke3 Kg7 37. Rc2 Kf6 38. Kf4 e3 39. Rc5 e2
0-1

[Event "IBCA World Individual Chess Championship"]
[Site "Rzeszow"]
[Date "2025.??.??"]
[Round "7.10"]
[White "Aryan, B Joshi"]
[Black "Kuanyshuly, Nurgisa"]
[Result "0-1"]
[WhiteElo "1968"]
[BlackElo "1767"]
[PlyCount "104"]
[EventDate "2025.??.??"]

1. e4 e5 2. Nf3 Nc6 3. Bc4 Nf6 4. d3 Bc5 5. c3 a6 6. b4 Ba7 7. Nbd2 O-O 8. O-O
d6 9. h3 Ne7 10. Re1 Ng6 11. d4 c6 12. Bb3 Be6 13. Bxe6 fxe6 14. Qb3 Qe7 15.
dxe5 Nxe5 16. Nxe5 dxe5 17. Nf3 Nd7 18. Be3 Bxe3 19. Rxe3 b5 20. Rd1 c5 21.
bxc5 Nxc5 22. Qb4 Qc7 23. c4 a5 24. Qc3 bxc4 25. Qxc4 Rac8 26. Rc1 Qb8 27. Rec3
h6 28. a4 Kh8 29. R3c2 Rfd8 30. Qc3 Kh7 31. h4 Nd3 32. Qxc8 Rxc8 33. Rxc8 Qb7
34. R8c6 Nxc1 35. Rxc1 Qxe4 36. Re1 Qxa4 37. Nxe5 Qxh4 38. Nd7 Qc4 39. Nf8+ Kg8
40. Nxe6 a4 41. Nd8 a3 42. Re8+ Kh7 43. Ne6 h5 44. Ng5+ Kh6 45. Nf3 Qc1+ 46.
Re1 Qb2 47. Re6+ g6 48. Ne5 Qb1+ 49. Kh2 a2 50. Re7 a1=Q 51. Nf7+ Kg7 52. Nd6+
Kf6 0-1

[Event "IBCA World Individual Chess Championship"]
[Site "Rzeszow"]
[Date "2025.??.??"]
[Round "7.11"]
[White "Chojnowski, Marcin"]
[Black "Salamon, Julia"]
[Result "1-0"]
[WhiteElo "1935"]
[BlackElo "1954"]
[PlyCount "111"]
[EventDate "2025.??.??"]

1. e4 c5 2. c3 Nf6 3. e5 Nd5 4. Nf3 d6 5. Bc4 Nb6 6. Bb3 Nc6 7. exd6 Qxd6 8.
O-O e6 9. d4 cxd4 10. cxd4 Be7 11. Nc3 a6 12. Ne4 Qd8 13. a3 O-O 14. Qd3 Nd5
15. Bc2 f5 16. Nc3 Nxc3 17. bxc3 Bf6 18. Re1 Kh8 19. Bf4 b6 20. Bb3 Re8 21.
Rad1 Ra7 22. Re2 h6 23. Rde1 Rae7 24. Ne5 Nxe5 25. Bxe5 Bxe5 26. Rxe5 Qd6 27.
a4 a5 28. h4 Bd7 29. h5 Qa3 30. Qc2 Qd6 31. R1e3 Bc6 32. Qe2 f4 33. Rd3 Qa3 34.
Qc2 Qd6 35. f3 Qd7 36. c4 Rc8 37. Qa2 Rce8 38. Rd1 Qd6 39. Bc2 Rb8 40. Qb3 Be8
41. Qd3 g5 42. hxg6 Rg7 43. Qe2 Bxg6 44. Rxe6 Qxe6 45. Qxe6 Bxc2 46. Qxh6+ Kg8
47. Rd2 Bxa4 48. d5 Bb3 49. Qe6+ Kh7 50. d6 Rg6 51. Qf7+ Kh6 52. d7 Rd8 53. Qe7
Rgg8 54. Rd6+ Kh5 55. Qh7+ Kg5 56. Qh6+ 1-0

[Event "IBCA World Individual Chess Championship"]
[Site "Rzeszow"]
[Date "2025.??.??"]
[Round "7.12"]
[White "Jumadullayev, Kuanishbek"]
[Black "Arnedo Vigueras, Miguel"]
[Result "1/2-1/2"]
[WhiteElo "2082"]
[BlackElo "1857"]
[PlyCount "141"]
[EventDate "2025.??.??"]

1. d4 d5 2. c4 e6 3. Nf3 Be7 4. g3 Nf6 5. Bg2 O-O 6. O-O dxc4 7. Qc2 a6 8. Qxc4
b5 9. Qc2 Bb7 10. Nc3 b4 11. Na4 Nbd7 12. Ng5 Bxg2 13. Kxg2 h6 14. Nf3 Rc8 15.
Rd1 c6 16. b3 Qa5 17. Bb2 c5 18. Rac1 Qb5 19. Kg1 Qb7 20. dxc5 Nxc5 21. Nxc5
Bxc5 22. Qd3 Ne4 23. Bd4 Rfd8 24. Qb1 Bxd4 25. Rxd4 Nc3 26. Rxd8+ Rxd8 27. Qc2
Qc7 28. Kg2 Qa5 29. a4 Qd5 30. Re1 f5 31. Qd3 Qxd3 32. exd3 Rxd3 33. Rxe6 Ne4
34. Rxa6 Rxb3 35. Nd4 Rb2 36. Rb6 Rxf2+ 37. Kg1 Ra2 38. Rxb4 Nc3 39. Nxf5 Rxa4
40. Rb8+ Kh7 41. Rb7 Rg4 42. Kf2 Rg5 43. Nd4 Ne4+ 44. Kf3 Nc5 45. Rc7 Rd5 46.
Ne2 Ne6 47. Rc4 Rc5 48. Ra4 Rf5+ 49. Kg2 Re5 50. Ng1 Ng5 51. h4 Ne6 52. g4 g5
53. h5 Nf4+ 54. Kf3 Nxh5 55. gxh5 g4+ 56. Rxg4 Rxh5 57. Ne2 Rg5 58. Rd4 Rg7 59.
Nf4 Rf7 60. Rd6 Rg7 61. Rb6 Rf7 62. Kg4 Rg7+ 63. Kh4 Rf7 64. Nh5 Re7 65. Nf6+
Kg7 66. Ng4 Re1 67. Nxh6 Rh1+ 68. Kg5 Rg1+ 69. Ng4 Rf1 70. Ne5 Rg1+ 71. Kf5
1/2-1/2

[Event "IBCA World Individual Chess Championship"]
[Site "Rzeszow"]
[Date "2025.??.??"]
[Round "7.13"]
[White "Schellmann, Frank"]
[Black "Abiad Parra, Victor"]
[Result "1/2-1/2"]
[WhiteElo "1972"]
[BlackElo "1930"]
[PlyCount "37"]
[EventDate "2025.??.??"]

1. e4 e5 2. Nf3 Nc6 3. Bc4 Bc5 4. c3 Nf6 5. d3 a6 6. a4 Ba7 7. O-O h6 8. Re1 d6
9. Nbd2 O-O 10. h3 Ne7 11. d4 exd4 12. Nxd4 c6 13. Bb3 d5 14. e5 Nh7 15. Nf1
Nf5 16. Nxf5 Bxf5 17. Ng3 Be6 18. Re2 a5 19. Bc2 1/2-1/2

[Event "IBCA World Individual Chess Championship"]
[Site "Rzeszow"]
[Date "2025.??.??"]
[Round "7.14"]
[White "Abdullayev, Amrillo"]
[Black "Falkowski, Dawid"]
[Result "0-1"]
[WhiteElo "1914"]
[BlackElo "1971"]
[PlyCount "84"]
[EventDate "2025.??.??"]

1. e4 e5 2. Nf3 Nc6 3. Nc3 Nf6 4. d4 exd4 5. Nd5 Nxd5 6. exd5 Bb4+ 7. Bd2 Qe7+
8. Be2 d3 9. cxd3 Bxd2+ 10. Qxd2 Nb4 11. d6 Qxd6 12. d4 O-O 13. O-O b6 14. Ne5
Bb7 15. Bf3 Bxf3 16. Nxf3 Rfe8 17. a3 Nd5 18. Rfe1 f6 19. Qd3 Re6 20. Rxe6 dxe6
21. h3 Rd8 22. Qe4 Re8 23. Rc1 a5 24. Qc2 Qf4 25. Qc4 Re7 26. Re1 Qd6 27. Qc2
Re8 28. Kf1 Ne7 29. Qe4 Ng6 30. g3 Nf8 31. Kg1 Kf7 32. Rc1 Re7 33. Re1 Rd7 34.
h4 Qd5 35. Qe3 Rd6 36. Qf4 Kg8 37. Qe4 Qc4 38. Kg2 Qd5 39. Qe3 Rc6 40. Rc1 Nd7
41. Qd2 Rxc1 42. Qxc1 e5 0-1

[Event "IBCA World Individual Chess Championship"]
[Site "Rzeszow"]
[Date "2025.??.??"]
[Round "7.15"]
[White "Horbal, Jozef"]
[Black "Vrioni, Bersan"]
[Result "1/2-1/2"]
[WhiteElo "1829"]
[BlackElo "1950"]
[PlyCount "43"]
[EventDate "2025.??.??"]

1. d4 Nf6 2. c4 g6 3. Nc3 Bg7 4. g3 c6 5. Bg2 d5 6. cxd5 cxd5 7. Nf3 O-O 8. O-O
Nc6 9. Bf4 Nh5 10. Be3 f5 11. Ng5 e6 12. Qd2 Nxd4 13. Bxd4 Bxd4 14. Qxd4 Qxg5
15. Nxd5 exd5 16. Bxd5+ Rf7 17. Rac1 Qe7 18. Bxf7+ Qxf7 19. Qd8+ Qf8 20. Qc7
Qf7 21. Qd8+ Qf8 22. Qd5+ 1/2-1/2

[Event "IBCA World Individual Chess Championship"]
[Site "Rzeszow"]
[Date "2025.??.??"]
[Round "7.16"]
[White "Tryjanska, Emilia"]
[Black "Hahnewald, Uwe"]
[Result "0-1"]
[WhiteElo "1828"]
[BlackElo "1933"]
[PlyCount "92"]
[EventDate "2025.??.??"]

1. e4 e5 2. Nf3 Nc6 3. d4 exd4 4. Nxd4 Nf6 5. Nxc6 bxc6 6. e5 Qe7 7. Qe2 Nd5 8.
h4 Qe6 9. c4 Nb6 10. b3 a5 11. Bb2 a4 12. Bc3 axb3 13. axb3 Rxa1 14. Bxa1 Bb4+
15. Nd2 O-O 16. g3 d5 17. Bh3 Qg6 18. Kf1 Bxh3+ 19. Rxh3 Bxd2 20. Qxd2 Qb1+ 21.
Qe1 Qxb3 22. cxd5 cxd5 23. e6 Re8 24. Qe5 Qc4+ 25. Kg1 f6 26. Qe3 Qe4 27. Rh1
Qxe6 28. Qc5 Qe7 29. Qc6 Ra8 30. Kh2 Ra2 31. Bd4 Qd7 32. Qb7 Nc4 33. Rd1 Rd2
34. Rxd2 Nxd2 35. Bb6 Nf3+ 36. Kg2 Nxh4+ 37. gxh4 Qg4+ 38. Kf1 Qc4+ 39. Kg2
cxb6 40. Qxb6 Qe4+ 41. Kf1 h6 42. Qd8+ Kh7 43. Qd7 d4 44. Qa4 h5 45. Qb4 Qxh4
46. Qd2 g5 0-1

[Event "IBCA World Individual Chess Championship"]
[Site "Rzeszow"]
[Date "2025.??.??"]
[Round "7.17"]
[White "Lukasiewicz, Ignacy"]
[Black "Morariu, Ionel"]
[Result "1/2-1/2"]
[WhiteElo "1793"]
[BlackElo "1933"]
[PlyCount "91"]
[EventDate "2025.??.??"]

1. d4 Nf6 2. c4 g6 3. Nc3 d5 4. cxd5 Nxd5 5. e4 Nxc3 6. bxc3 Bg7 7. Bc4 O-O 8.
Ne2 Nd7 9. O-O c5 10. Be3 cxd4 11. cxd4 Nb6 12. Bb3 Bg4 13. f3 Bd7 14. Qd2 Re8
15. Bh6 Bh8 16. Rfd1 Bb5 17. Nc3 Bc4 18. Rac1 Rc8 19. Be3 a5 20. Kh1 Ba6 21. f4
Nc4 22. Bxc4 Bxc4 23. e5 b5 24. Qf2 Qd7 25. h3 f5 26. Rg1 b4 27. Nb1 Qd5 28.
Kh2 e6 29. g4 Bxa2 30. gxf5 exf5 31. h4 Rxc1 32. Rxc1 Bxb1 33. Rxb1 Rc8 34. h5
b3 35. Rc1 Rxc1 36. Bxc1 Bg7 37. hxg6 hxg6 38. Ba3 Bf8 39. Bxf8 Kxf8 40. Qd2 a4
41. Qb4+ Kg7 42. Qxa4 b2 43. Qa7+ Qf7 44. Qb6 Qa2 45. Qf6+ Kh7 46. Qh4+ 1/2-1/2

[Event "IBCA World Individual Chess Championship"]
[Site "Rzeszow"]
[Date "2025.??.??"]
[Round "7.18"]
[White "Migala, Andrzej"]
[Black "Nurhayev, Erlan"]
[Result "1-0"]
[WhiteElo "1884"]
[BlackElo "1831"]
[PlyCount "85"]
[EventDate "2025.??.??"]

1. e4 e6 2. d4 d5 3. e5 c5 4. c3 Nc6 5. Nf3 Qb6 6. a3 a5 7. b3 Bd7 8. Be2 Nge7
9. O-O cxd4 10. cxd4 Nf5 11. Bb2 Be7 12. a4 h5 13. Na3 g5 14. Nb5 g4 15. Ne1
Bg5 16. Nc2 Nce7 17. Ba3 Bxb5 18. Bxb5+ Nc6 19. Bc5 Qc7 20. Qd3 Be7 21. Bxe7
Qxe7 22. Ne3 Nh4 23. Rac1 Rc8 24. Bxc6+ Rxc6 25. Rxc6 bxc6 26. Qa6 O-O 27. Qxa5
f6 28. exf6 Qxf6 29. Qc5 Nf5 30. Nxf5 Qxf5 31. g3 h4 32. gxh4 Qe4 33. Qxc6 Rxf2
34. Rxf2 Qe1+ 35. Kg2 Qe4+ 36. Kg3 Qe3+ 37. Kxg4 Qxf2 38. Qxe6+ Kg7 39. Qe5+
Kg8 40. Qxd5+ Kg7 41. Qg5+ Kh8 42. Qe5+ Kg8 43. Qg5+ 1-0

[Event "IBCA World Individual Chess Championship"]
[Site "Rzeszow"]
[Date "2025.??.??"]
[Round "7.19"]
[White "Sanchez Ruiz, Piedad Esmeralda"]
[Black "Egeman, Emilia"]
[Result "0-1"]
[WhiteElo "1733"]
[BlackElo "1933"]
[PlyCount "70"]
[EventDate "2025.??.??"]

1. e4 c5 2. Nf3 d6 3. d4 cxd4 4. Nxd4 Nf6 5. f3 a6 6. c4 e5 7. Nc2 Be6 8. Nc3
Nbd7 9. Be3 Rc8 10. Na3 Be7 11. Rc1 O-O 12. Be2 Nh5 13. Nd5 Bxd5 14. cxd5 Bh4+
15. Bf2 Bxf2+ 16. Kxf2 Qb6+ 17. Kf1 Rc5 18. Rxc5 Qxc5 19. g3 b5 20. Kg2 Rc8 21.
Qd2 Nb6 22. Rd1 b4 23. Nb1 a5 24. b3 h6 25. Qd3 f5 26. exf5 Nf6 27. Nd2 Nbxd5
28. Nc4 Kh8 29. Kh1 Re8 30. Qd2 Nc3 31. Re1 e4 32. fxe4 Nfxe4 33. Qe3 Qxf5 34.
Rf1 Qg5 35. Qxg5 Nxg5 0-1

[Event "IBCA World Individual Chess Championship"]
[Site "Rzeszow"]
[Date "2025.??.??"]
[Round "7.20"]
[White "Polnar, Josef"]
[Black "Deville, Olivier"]
[Result "1/2-1/2"]
[WhiteElo "1777"]
[BlackElo "1833"]
[PlyCount "76"]
[EventDate "2025.??.??"]

1. d4 g6 2. e4 Bg7 3. Nf3 d6 4. Bc4 Nf6 5. Nbd2 O-O 6. O-O Nc6 7. c3 e5 8. dxe5
Nxe5 9. Nxe5 dxe5 10. Qe2 Qe7 11. Nf3 b6 12. Bd2 Bb7 13. Bd3 Rad8 14. Rad1 Rd6
15. Bg5 h6 16. Bxf6 Bxf6 17. Bc2 Rfd8 18. Rxd6 Rxd6 19. Rd1 Rxd1+ 20. Qxd1 Qd6
21. Qd2 Qxd2 22. Nxd2 Kf8 23. Kf1 Ba6+ 24. Ke1 Ke7 25. Nf3 Bg7 26. b3 Kd6 27.
Kd2 Bf8 28. Bd3 Bxd3 29. Kxd3 Be7 30. Nd2 f5 31. f3 b5 32. b4 c5 33. bxc5+ Kxc5
34. Nb3+ Kd6 35. g3 Bg5 36. h3 h5 37. g4 fxg4 38. fxg4 hxg4 1/2-1/2

[Event "IBCA World Individual Chess Championship"]
[Site "Rzeszow"]
[Date "2025.??.??"]
[Round "7.22"]
[White "Madjeric, Miroslav"]
[Black "Spionkowski, Fabian"]
[Result "1-0"]
[WhiteElo "1719"]
[BlackElo "1823"]
[PlyCount "71"]
[EventDate "2025.??.??"]

1. Nf3 Nf6 2. b4 g6 3. Bb2 Bg7 4. c4 O-O 5. d4 d6 6. Nbd2 Bf5 7. g3 c5 8. a3
Nbd7 9. Bg2 Rb8 10. Qb3 b5 11. cxb5 Rxb5 12. Nh4 cxb4 13. Nxf5 gxf5 14. O-O Qb8
15. a4 Rb6 16. Nc4 Ra6 17. Rfc1 d5 18. Ne5 Nxe5 19. dxe5 Ng4 20. Qd3 Ra5 21. f4
e6 22. h3 Nh6 23. Bd4 Rc8 24. Qb3 Bf8 25. e3 Ra6 26. Bf1 Rac6 27. Rxc6 Rxc6 28.
Bb5 Rc7 29. Qb2 Qc8 30. Bd3 Kh8 31. a5 Be7 32. a6 Bf8 33. Kf2 Be7 34. Kf3 Kg8
35. Rb1 Bf8 36. Ke2 1-0

[Event "IBCA World Individual Chess Championship"]
[Site "Rzeszow"]
[Date "2025.??.??"]
[Round "7.23"]
[White "Drazetic, Novica"]
[Black "Hogan, Gary"]
[Result "1/2-1/2"]
[WhiteElo "1751"]
[BlackElo "1737"]
[PlyCount "20"]
[EventDate "2025.??.??"]

1. e4 d6 2. d4 Nf6 3. Nc3 g6 4. Nf3 Bg7 5. Be2 O-O 6. h3 e5 7. dxe5 dxe5 8.
Qxd8 Rxd8 9. Bg5 Re8 10. O-O-O c6 1/2-1/2

[Event "IBCA World Individual Chess Championship"]
[Site "Rzeszow"]
[Date "2025.??.??"]
[Round "7.24"]
[White "Polnarova, Tatana"]
[Black "Zhakov, Aleksandr"]
[Result "0-1"]
[WhiteElo "1737"]
[BlackElo "1686"]
[PlyCount "112"]
[EventDate "2025.??.??"]

1. e4 d6 2. d4 Nf6 3. Nc3 Nc6 4. d5 Nb8 5. Bg5 g6 6. Bxf6 exf6 7. Bb5+ Nd7 8.
Nf3 Bg7 9. O-O O-O 10. Bxd7 Bxd7 11. Nd4 a6 12. Qd2 Qb8 13. Rae1 Qa7 14. Nce2
Rfe8 15. Qd3 Qb6 16. b3 Bb5 17. c4 Bd7 18. h3 Re7 19. Ng3 f5 20. Nf3 fxe4 21.
Rxe4 Rxe4 22. Qxe4 Re8 23. Qc2 Qa5 24. Qd2 Qxd2 25. Nxd2 f5 26. Rd1 Bh6 27. Kf1
b5 28. Ne2 Bg7 29. Nf3 bxc4 30. bxc4 Rb8 31. Ned4 Rb2 32. a3 Bf6 33. Ke1 Kf7
34. Rd2 Rb1+ 35. Rd1 Rxd1+ 36. Kxd1 g5 37. Nb3 Ba4 38. Kc2 g4 39. hxg4 fxg4 40.
Ne1 h5 41. Nd3 Bd4 42. f3 gxf3 43. gxf3 h4 44. Nf4 Be5 45. Nh3 Kg6 46. Nf2 Kf5
47. Nh3 Bg7 48. Nf2 Kf4 49. Ne4 h3 50. c5 h2 51. cxd6 cxd6 52. Nxd6 h1=Q 53.
Nc4 Qxf3 54. Ncd2 Qc3+ 55. Kd1 Bxb3+ 56. Nxb3 Qxb3+ 0-1

[Event "IBCA World Individual Chess Championship"]
[Site "Rzeszow"]
[Date "2025.??.??"]
[Round "7.26"]
[White "Horbalova, Ivana"]
[Black "Ikromalieva, Sabokhat"]
[Result "0-1"]
[WhiteElo "1528"]
[BlackElo "1574"]
[PlyCount "74"]
[EventDate "2025.??.??"]

1. c4 Nf6 2. d3 d5 3. b3 g6 4. Bb2 Bg7 5. Nd2 O-O 6. h3 c5 7. cxd5 Qxd5 8. Qc2
b6 9. e4 Qd7 10. Ngf3 Nc6 11. Rd1 Rd8 12. Nc4 Nb4 13. Qb1 Ba6 14. Nfe5 Qc7 15.
d4 b5 16. Ne3 Qa5 17. Rd2 cxd4 18. Bxd4 Rac8 19. N3c4 bxc4 20. Bxc4 Bxc4 21.
Nxc4 Rxc4 22. bxc4 Nc6 23. Be3 Rb8 24. Qd3 Ne5 25. Qd4 Rb1+ 26. Ke2 Rxh1 27.
Qd8+ Qxd8 28. Rxd8+ Bf8 29. Bxa7 Nxc4 30. Kf3 Ne5+ 31. Ke2 Nc6 32. Ra8 Nxa7 33.
Rxa7 Nxe4 34. Rc7 e6 35. a4 Ra1 36. Kf3 Rxa4 37. Rc2 Nd6 0-1

[Event "IBCA World Individual Chess Championship"]
[Site "Rzeszow"]
[Date "2025.??.??"]
[Round "7.27"]
[White "Muratova, Aliya"]
[Black "Lherbon De Lussats, Jean"]
[Result "1-0"]
[WhiteElo "1471"]
[BlackElo "1529"]
[PlyCount "53"]
[EventDate "2025.??.??"]

1. d4 d5 2. Nf3 Nf6 3. g3 e6 4. Bg2 c5 5. c4 Nc6 6. cxd5 Nxd5 7. e4 Ndb4 8. O-O
cxd4 9. a3 Na6 10. b4 b5 11. e5 Rb8 12. Bb2 d3 13. Re1 Bb7 14. Re3 Qb6 15. Rxd3
Rd8 16. Rxd8+ Nxd8 17. Bd4 Qc7 18. Nc3 Bc6 19. Rc1 Qb7 20. Ne1 Nc7 21. Bxc6+
Nxc6 22. Qf3 Nd5 23. Nxd5 Nxd4 24. Nf6+ Kd8 25. Qxb7 Ne2+ 26. Kg2 Nxc1 27. Qd7#
1-0